[Event "IND-ch U19"]
[Site "Kankarbagh"]
[Date "2017.09.03"]
[Round "1"]
[White "Rushil, Gupta"]
[Black "Sidhant, Mohapatra"]
[Result "0-1"]
[WhiteElo "1665"]
[BlackElo "2396"]
[PlyCount "78"]
[EventDate "2017.09.03"]
[EventType "swiss"]
[EventRounds "11"]
[EventCountry "IND"]
[SourceTitle "CBM 180 Extra"]
[Source "ChessBase"]
[SourceDate "2017.10.06"]
[SourceVersion "1"]
[SourceVersionDate "2017.10.06"]
[SourceQuality "1"]

1. e4 e5 2. Nf3 Nc6 3. Bb5 a6 4. Ba4 d6 5. c4 Bd7 6. d4 Nf6 7. Nc3 Be7 8. 0-0 0-0 9. Bxc6 Bxc6 10. Re1 Re8 11. dxe5 dxe5 12. Qxd8 Bxd8 13. Nd5 Bd7 14. Bd2 Nxd5 15. cxd5 c6 16. Bc3 f6 17. dxc6 Bxc6 18. Nd2 Bc7 19. Nc4 a5 20. a4 Red8 21. f3 Kf7 22. Kf2 Ke6 23. b3 Rd7 24. Red1 Rxd1 25. Rxd1 b5 26. axb5 Bxb5 27. Na3 Ba6 28. Rd5 Bb7 29. Rd2 Bb6+ 30. Ke2 Bc5 31. Ra2 a4 32. b4 Bb6 33. Kd1 Rc8 34. Bd2 Bc6 35. Nb1 Bb5 36. Nc3 Bc4 37. Rxa4 Bb3+ 38. Ke2 Rxc3 39. Ra3 Bc4+ 0-1